000 00468nam a2200181Ia 4500
008 230524s9999 xx 000 0 und d
020 _a9780070660076
082 _a658.8
_bZEI
100 _aValarie A Zeithaml
245 0 _aServices Marketing
250 _a4TH
260 _aNEW DELHI
_bTMH
_c2008
300 _aXXIX;581
500 _aQuantity Number: 12
650 _aManagement
700 _a" Dwayne D Gremler, Mary Jo Bitner , Ajay Pandit,,"
942 _cBK
999 _c45053
_d45053